[Event "Hum na Sutli op"]
[Site "Hum na Sutli"]
[Date "2010.11.27"]
[Round "8"]
[White "Skupnjak, Milan"]
[Black "Pejovic, Sasa"]
[Result "0-1"]
[WhiteElo "1995"]
[BlackElo "1883"]
[PlyCount "88"]
[EventDate "2010.11.20"]
[EventType "swiss"]
[EventRounds "9"]
[EventCountry "CRO"]
[SourceTitle "CBM 139 Extra"]
[Source "ChessBase"]
[SourceDate "2011.01.05"]
[SourceVersion "1"]
[SourceVersionDate "2011.01.05"]
[SourceQuality "1"]

1. d4 Nf6 2. c4 g6 3. Nc3 Bg7 4. e4 d6 5. Be2 0-0 6. Be3 Nbd7 7. f4 c5 8. e5 Ne8 9. exd6 Nxd6 10. dxc5 Nf5 11. Bf2 Qc7 12. g4 Nh6 13. Nd5 Qd8 14. Qc2 e6 15. Nc3 Qc7 16. Bg3 Qxc5 17. 0-0-0 a6 18. Kb1 e5 19. Rd5 Qe7 20. h3 Nb6 21. Rd1 Be6 22. Nd5 Bxd5 23. cxd5 exf4 24. Bxf4 Rac8 25. Qd2 Qe4+ 26. Bd3 Qxh1 27. Bxh6 Bxh6 28. Qxh6 Qxd5 29. Qe3 Nc4 30. Qe2 Rfe8 31. Bxc4 Qxc4 32. Qxc4 Rxc4 33. Nf3 Rf4 34. Rd3 Rfe4 35. Rd7 R4e7 36. Rd5 Re3 37. Nd2 Rc8 38. b3 Rxh3 39. Ne4 Rh2 40. Rd7 Rcc2 41. Nf6+ Kg7 42. g5 Rb2+ 43. Kc1 Rxa2 44. Kb1 Rad2 0-1

[Event "Hum na Sutli op"]
[Site "Hum na Sutli"]
[Date "2010.11.26"]
[Round "7"]
[White "Pejovic, Sasa"]
[Black "Djurkovic, Maks"]
[Result "0-1"]
[WhiteElo "1883"]
[BlackElo "2161"]
[PlyCount "80"]
[EventDate "2010.11.20"]
[EventType "swiss"]
[EventRounds "9"]
[EventCountry "CRO"]
[SourceTitle "CBM 139 Extra"]
[Source "ChessBase"]
[SourceDate "2011.01.05"]
[SourceVersion "1"]
[SourceVersionDate "2011.01.05"]
[SourceQuality "1"]

1. g3 c5 2. Nf3 b5 3. Bg2 Bb7 4. 0-0 e6 5. d4 f5 6. Bf4 Nf6 7. Nc3 a6 8. a3 Be7 9. dxc5 Bxc5 10. Bd6 Bxd6 11. Qxd6 Ne4 12. Nxe4 Bxe4 13. Rad1 Bxc2 14. Rd2 Be4 15. Rc1 Nc6 16. Ng5 Bxg2 17. Kxg2 Ne7 18. Qe5 Ng6 19. Qxg7 Qxg5 20. Qxd7+ Kf8 21. Rc7 Qf6 22. f4 Rg8 23. Qd6+ Ne7 24. Rdc2 h5 25. e4 Re8 26. e5 Qg6 27. R2c3 h4 28. Qxa6 Qg4 29. Rf3 Rd8 30. Qxe6 Rd2+ 31. Kg1 Rg7 32. Qf6+ Ke8 33. e6 Kd8 34. Rxe7 Rxe7 35. Qf8+ Re8 36. Qf6+ Kc8 37. Rc3+ Kb8 38. Qe5+ Ka8 39. Re3 Qd1+ 40. Re1 Qf3 0-1

[Event "Hum na Sutli op"]
[Site "Hum na Sutli"]
[Date "2010.11.25"]
[Round "6"]
[White "Pejovic, Sasa"]
[Black "Takac, Zvonko"]
[Result "1-0"]
[WhiteElo "1883"]
[BlackElo "2099"]
[PlyCount "79"]
[EventDate "2010.11.20"]
[EventType "swiss"]
[EventRounds "9"]
[EventCountry "CRO"]
[SourceTitle "CBM 139 Extra"]
[Source "ChessBase"]
[SourceDate "2011.01.05"]
[SourceVersion "1"]
[SourceVersionDate "2011.01.05"]
[SourceQuality "1"]

1. g3 d5 2. Nf3 c5 3. Bg2 Nc6 4. 0-0 e5 5. d3 Be7 6. c4 d4 7. Nbd2 Be6 8. a3 f6 9. Qb3 Na5 10. Qc2 Qd7 11. Rb1 Nc6 12. Re1 Nh6 13. Nf1 Nf7 14. Bd2 a5 15. Qa4 0-0 16. Nh4 g5 17. Nf3 Nd6 18. e3 e4 19. dxe4 Bxc4 20. exd4 b5 21. Qc2 g4 22. d5 gxf3 23. dxc6 Qxc6 24. Bxf3 f5 25. Bh6 Rf7 26. Bh5 fxe4 27. Bxf7+ Kxf7 28. Qd2 Bd3 29. Qf4+ Kg6 30. Rbd1 c4 31. Ne3 Qc5 32. g4 Nf7 33. Rxd3 exd3 34. Qe4+ Kxh6 35. Nf5+ Kg5 36. h4+ Kg6 37. Nxe7+ Kf6 38. Qf3+ Kg7 39. Nf5+ Kg6 40. Re6# 1-0

[Event "Hum na Sutli op"]
[Site "Hum na Sutli"]
[Date "2010.11.21"]
[Round "2"]
[White "Pejovic, Sasa"]
[Black "Vincelj, Leopold"]
[Result "1-0"]
[WhiteElo "1883"]
[BlackElo "1580"]
[PlyCount "93"]
[EventDate "2010.11.20"]
[EventType "swiss"]
[EventRounds "9"]
[EventCountry "CRO"]
[SourceTitle "CBM 139 Extra"]
[Source "ChessBase"]
[SourceDate "2011.01.05"]
[SourceVersion "1"]
[SourceVersionDate "2011.01.05"]
[SourceQuality "1"]

1. d4 d5 2. c4 e6 3. e3 c5 4. Nf3 Nf6 5. Nc3 Nc6 6. cxd5 Nxd5 7. Bd3 Be7 8. a3 a6 9. 0-0 b6 10. e4 Nc7 11. dxc5 Bxc5 12. Bf4 Bb7 13. Rc1 Bd6 14. e5 Be7 15. Re1 0-0 16. Qc2 f5 17. exf6 Rxf6 18. Bxh7+ Kh8 19. Rcd1 Qc8 20. Ne5 Nxe5 21. Bxe5 Nd5 22. Bxf6 Nxf6 23. Bg6 Kg8 24. Qe2 Qc6 25. Qxe6+ Qxe6 26. Rxe6 Kf8 27. Rde1 Ng8 28. Rxb6 Bc8 29. Nd5 Bd7 30. Nc7 Rd8 31. Ne6+ Bxe6 32. Rbxe6 a5 33. h4 Rd7 34. Ra6 Rd8 35. Rxa5 Bxh4 36. Rae5 Be7 37. a4 Rd7 38. a5 Rb7 39. Rd5 Nf6 40. a6 Ra7 41. Rde5 Ng8 42. Re6 Nf6 43. b4 Nd5 44. b5 Nf4 45. Rxe7 Rxe7 46. Rxe7 Kxe7 47. a7 1-0